Statistics for Cities that End in I by Clue

Click here to take the quiz!

General Stats

  • This quiz has been taken 10,953 times
  • The average score is 14 of 20

Answer Stats

HintCity% Correct
The financial capital of ChinaShanghai
94%
The two largest cities in the United Arab EmiratesDubai
93%
The center of India's film industryMumbai
90%
The second city to be struck by an atomic bombNagasaki
89%
The world's second most northernly capital city, after ReykjavikHelsinki
87%
The capital and largest city in KenyaNairobi
84%
The two largest cities in the United Arab EmiratesAbu Dhabi
82%
This Russian resort city hosted the 2014 Winter OlympicsSochi
79%
Jane Fonda visited this city in 1972, the capital of a country that the U.S. was at war withHanoi
76%
By most accounts, the most polluted city in the worldDelhi
74%
This African capital city has the same name as the country it is capital ofDjibouti
74%
The most populous city in PakistanKarachi
72%
American city that was the center of cocaine importation in the 1980sMiami
68%
Capital of the country of GeorgiaTbilisi
68%
Despite being a national capital, only 16 embassies are located in this east Asian cityTaipei
52%
Indian city of 11 million people formerly known as MadrasChennai
52%
Major city on the Ohio riverCincinnati
51%
City in Libya where the U.S. embassy was attacked in 2012Benghazi
47%
Mexican city on the U.S. border; its northern neighbor is named CalexicoMexicali
30%
The largest city on the island of SardiniaCagliari
30%

Score Distribution

Percentile by Number Answered

Percent of People with Each Score

Your Score History

You have not taken this quiz